00672 2200253 4500001002100000005001700021008004100038020002200079035002400101082001000125090001700135100002100152245006900173250001000242260003200252300002900284500002900313650001600342850000900358985000600367999001500373999001500388999001500403YOGYA-0209000007417620090227093800.0 ind  a978-979-3756-19-6 0010-020900000074176 a636.5 a636.5bCah A aCAHYONO, Bambang aAyam CemanibAyam istimewa bernilai jual tinggicBambang Cahyono aCet.1 aJakartabPustaka Minac2008 aix, 120 hlmbilusc21 cm aBibliografi: hlm.114-119 aAyam Cemani aBPAD a3 a08B0045556 a08B0045557 a08B0045558